|
|
|
|
| LEADER |
00000nab a2200000 a 4500 |
| 001 |
vtls000441731 |
| 003 |
SK-MaSNL |
| 005 |
20260311225020.0 |
| 008 |
160115c1992 xo 0 slo |
| 015 |
|
|
|a SNBRB19rr/mm-uuuuu
|
| 035 |
|
|
|a CL0441861
|
| 040 |
|
|
|a SNKBUCL
|b slo
|c SNKBUCL
|e AACR2
|
| 041 |
0 |
|
|a slo
|
| 044 |
|
|
|a xo
|c SK
|
| 080 |
|
|
|a 339.5(437)
|2 1981
|
| 100 |
1 |
|
|a Bakšay, Jozef
|4 aut
|9 677439
|
| 245 |
1 |
0 |
|a O jednej z ciest, ako byť úspešný
|b Rozhovor s Jozefom Bakšayom, ministrom zahraničného obchodu
|c Jozef Bakšay, Branislav Janík
|
| 300 |
|
|
|b Fot. 1.
|
| 650 |
0 |
7 |
|a zahraničný obchod
|2 snkbucl
|9 2200
|
| 651 |
|
7 |
|a Československo
|2 snkbucl
|9 21376
|
| 655 |
|
7 |
|a články z novín a časopisov
|2 snkbucl
|9 267496
|
| 700 |
1 |
|
|a Janík, Branislav
|4 aut
|9 838464
|
| 773 |
0 |
|
|t Slovenský východ
|g Roč. 2/21, č. 33 (8. 2. 1992), s. 3
|
| 850 |
|
|
|a Slovenská národná knižnica v Martine
|a MTA001
|
| 852 |
|
|
|a SNK
|b KIS3GCP
|
| 958 |
|
|
|a RK
|
| 992 |
|
|
|a RBX
|
| 999 |
|
|
|c 3264151
|d 3266081
|